A critical study pf the prose style graham greene / (Record no. 142070)

MARC details
000 -LEADER
fixed length control field 00553nam a22001817a 4500
005 - DATE AND TIME OF LATEST TRANSACTION
control field 20170628112946.0
010 ## - LCCN (DPL NO)
LC control number ENG-118972
020 ## - INTERNATIONAL STANDARD BOOK NUMBER
Terms of availability 450.00
International Standard Book Number 9788178440934
035 ## - SYSTEM CONTROL NUMBER
System control number EN-102504
037 ## - SOURCE OF ACQUISITION
Source of stock number/acquisition DBAD/PUB
082 ## - DEWEY DECIMAL CLASSIFICATION NUMBER
Classification number 820.9109
100 ## - MAIN ENTRY--PERSONAL NAME
Personal name Jha, Suprita
245 ## - TITLE STATEMENT
Title A critical study pf the prose style graham greene /
Statement of responsibility, etc by Suprita Jha
260 ## - PUBLICATION, DISTRIBUTION, ETC. (IMPRINT)
Place of publication, distribution, etc New Delhi
Name of publisher, distributor, etc K.K. Publications
Date of publication, distribution, etc 2011
270 ## - ADDRESS
Address 4806/24, Bharat Ram Road, Daryaganj, New Delhi-110002
300 ## - PHYSICAL DESCRIPTION
Extent 176p
Dimensions 22cm.(Hb)
942 ## - ADDED ENTRY ELEMENTS (KOHA)
Source of classification or shelving scheme Dewey Decimal Classification
Item type English Books
Classification part 820.9109
Call number suffix JHA
Holdings
Withdrawn status Lost status Not for loan Collection code Home library Current library Date acquired Source of acquisition Cost, normal purchase price Full call number Barcode Copy number Cost, replacement price Koha item type
    Not For Loan Non-fiction D.B.Act.Division Bawana 28/06/2017 DBAD/PUB 450.00 820.9109 JHA EN-102504 1 450.00 English Books

© Delhi Public Library
Hit Counter
free hit counter